Trombe del jazz classico (Le) (Record n. 99808)

Dettagli MARC
000 -LEADER
fixed length control field 07579njm a2200697Ia 4500
001 - CONTROL NUMBER
control field 25690
003 - CONTROL NUMBER IDENTIFIER
control field IT-RoPAU
005 - DATE AND TIME OF LATEST TRANSACTION
control field 20220918181121.0
008 - FIXED-LENGTH DATA ELEMENTS--GENERAL INFORMATION
fixed length control field 131025s9999 xx 000 0 und d
040 ## - CATALOGING SOURCE
Original cataloging agency IT-RoPAU
040 ## - CATALOGING SOURCE
Transcribing agency IT-RoPAU
999 ## - SYSTEM CONTROL NUMBERS (KOHA)
Koha Dewey Subclass [OBSOLETE] n.d.
100 ## - MAIN ENTRY--PERSONAL NAME
Personal name AA.VV.
9 (RLIN) 794
100 ## - MAIN ENTRY--PERSONAL NAME
Relator term Autore musica
9 (RLIN) 13698
100 ## - MAIN ENTRY--PERSONAL NAME
Miscellaneous information Codice autore musica SPICS: 12000
9 (RLIN) 796
245 ## - TITLE STATEMENT
Title Trombe del jazz classico (Le)
250 ## - EDITION STATEMENT
Edition statement 2a ed.
260 ## - PUBLICATION, DISTRIBUTION, ETC. (IMPRINT)
Place of publication, distribution, etc. MILANO
260 ## - PUBLICATION, DISTRIBUTION, ETC. (IMPRINT)
Name of publisher, distributor, etc. MUSICA JAZZ
Date of publication, distribution, etc. 1983 [1a Ed.:]
300 ## - PHYSICAL DESCRIPTION
Extent DISCO
300 ## - PHYSICAL DESCRIPTION
Dimensions 44 minuti (Testo: pag.)
500 ## - GENERAL NOTE
General note Musica jazz. Panorama esauriente dei più importanti trombettisti del jazz di stile tradizionale intendendosi il termine in senso lato in modo da ricomprendere nella definizione tutti i trombettisti affermatisi prima della rivoluzione stilistica compiuta verso la metà degli anni quaranta dagli esponenti del Bebop. Disco fuori commercio allegato al n. 6 '83 di "Musica jazz"
505 ## - FORMATTED CONTENTS NOTE
Formatted contents note Dippermouth Blues [(Richmond, Indiana, 6 aprile 1923) (Oliver Joe King) (3:00] - West End Blues [(Chicago, 28 giugno 1928) (Armstrong Louis D.) (4:00)] - I Got the Stinger [(Chicago, 1928) (Smith Jabbo) (4:00)] - Singin' the Blues [(New York, 4 febbraio 1927) (Trumbauer Frankie) (3:00)] - Buddy's Habits [(New York, 20 dicembre 1926) (Nichols Red) (3:00)] - Black and Tan Fantasy [(New York, 7 aprile 1927) (Ellington Duke) (4:00)] - Boy meets Horn [(New York, 22 dicembre 1938) (Ellington Duke) (3:00)] - Concerto For Cootie [(Chicago, 15 marzo 1940) (Ellington Duke) (4:00)] - I'Ve Found a New Baby [(New York, 15 settembre 1932) (Bechet Sydney) (4:00)] - I Can't Get Started [(New York, 25 giugno 1937) (Beringan Bunny) (5:00)] - I'm Free-What's New (Chicago, 19 ottobre 1938) (Crosby Bob) (4:00)] - The Lonesome Road [(New York, 12 dicembre 1939) (Spanier Muggsy) (3:00)] - It Should Be You [(New York, 16 luglio 1929) (Allen Henry Red) (4:00)] - After You've Gone [(New York, 5 giugno 1941) (Krupa Gene) (3:00)]
511 ## - PARTICIPANT OR PERFORMER NOTE
Participant or performer note Oliver King: corn; Armstrong Louis: corn; Dutrey Honoré: trne; Dodds Johnny: cl; Armstrong Lil Hardin: p; Johnson Bill: bjo; Dodds Baby: batt; King Oliver's Creole Jazz Band
511 ## - PARTICIPANT OR PERFORMER NOTE
Participant or performer note Armstrong Louis: tr, voce; Robinson Fred: trne; Strong Jimmy: cl; Hines Earl: p; Cara Mancy: bjo; Singleton Zutty: batt; Louis Armstrong and his Hot Five
511 ## - PARTICIPANT OR PERFORMER NOTE
Participant or performer note Smith Jabbo: tr; Simeon Omer: cl; Simpson Cassino: p; Robinson Ikey: bjo; Buford Lawson: wsb; Jabbo Smith and his Rhythm Aces
511 ## - PARTICIPANT OR PERFORMER NOTE
Participant or performer note Beiderbecke Bix: corn; Mole Miff: trne; Dorsey Jimmy: cl; Ryker Doc: alto; Trumbauer Frankie: c, melody sax; Riskin Itzy: p; Lang Eddie: chit; Morehouse Chauncey: batt; Frankie Trumbauer and his Orchestra
511 ## - PARTICIPANT OR PERFORMER NOTE
Participant or performer note Nichols Red: corn; Mole Miff: trne; Dorsey Jimmy: alto; Schutt Arthur: p; Lang Eddie: chit; Berton Vic: batt, timpani; Red Nichols and his Five Pennies
511 ## - PARTICIPANT OR PERFORMER NOTE
Participant or performer note Miley Bubber: tr; Metcalfe Louis: tr; Nanton Joe "Tricky Sam": trne; Hardwicke Otto: alto, sop; Carney Harry: bar, alto; Jackson Rudy: cl, ten; Ellington Duke: p; Guy Fred: bjo; Edwards Bass: cb; Greer Sonny: batt; Duke Ellington and his Orchestra
511 ## - PARTICIPANT OR PERFORMER NOTE
Participant or performer note Jones Wallace: tr; Williams Cootie: tr; Stewart Rex: corn Nanton Joe "Tricky Sam": trne; Brown Lawrence: trne; Tizol Juan: trne; Hodges Johnny: alto; Carney Harry: bar; Hardwicke Otto: alto; Bigard Barney: cl, ten; Ellington Duke: p; Taylor Billy: cb; Greer Sonny: batt; Duke Ellington and his Orchestra
511 ## - PARTICIPANT OR PERFORMER NOTE
Participant or performer note Jones Wallace: tr; Williams Cootie: tr; Stewart Rex: corn Nanton Joe "Tricky Sam": trne; Brown Lawrence: trne; Tizol Juan: trne; Hodges Johnny: alto; Carney Harry: bar; Hardwicke Otto: alto; Bigard Barney: cl, ten; Ellington Duke: p; Taylor Billy: cb; Greer Sonny: batt; Duke Ellington and his Orchestra
511 ## - PARTICIPANT OR PERFORMER NOTE
Participant or performer note Ladnier Tommy: tr; Bechet Sidney: sop; Nixon Teddy: trne; Duncan Hank: p; Myers Wilson: cb; Moreland Morris: batt; Sidney Bechet and his New Orleans Feetwarmers
511 ## - PARTICIPANT OR PERFORMER NOTE
Participant or performer note Berigan Bunny: tr, voce; Goodman Irving: tr; Lipkins Steve: tr; Samuel Morey: trne; Pear-Mutter Sid: cl, alto; Dixon Joe: cl, alto; Rounds Clyde: ten; Auld Georgie: ten; Lippman Joe: p; Morgan Tom: chit; Fishkind Arnold: cb; Wettling George: batt; Bunny Berigan and his Orchestra
511 ## - PARTICIPANT OR PERFORMER NOTE
Participant or performer note Zarchy Zeke: tr; Bose Sterling: tr; Butterfield Billy: tr; Silloway Ward: trne; Smith Warren: trne; Fazola Irving: cl; Matlock Matty: alto, cl; Kearns Joe: alto; Miller Eddie: ten, cl; Rodin Gil: ten; Zurke Bob: p; Lamare Nappy: chit; Haggart Bob: cb; Bauduc Ray: batt; Bob Crosby and his Orchestra
511 ## - PARTICIPANT OR PERFORMER NOTE
Participant or performer note Spanier Muggsy: corn; Brunies George: trne; Cless Rod: cl; Caiazza Nick: ten; Bushkin Joe: p; Casey Bob: cb; Sidell Al: batt; Muggsy Spanier and his Ragtime Band
511 ## - PARTICIPANT OR PERFORMER NOTE
Participant or performer note Allen Henry: tr, voce; Higginbotham J.C.: trne; Nicholas Albert: cl; Holmes Charlie: alto; Russell Luis: p; Johnson Will: chit; Foster George "Pops": cb; Barbarin Paul: batt; Henry Allen and his Orchestra
511 ## - PARTICIPANT OR PERFORMER NOTE
Participant or performer note Young Graham: tr; Halten Torg: tr; Murphy Norman: tr; Eldridge Roy: tr; Wagner Babe: trne; Kelliher Jay: trne; Grassi John: trne; Ruffo Mascagni: alto; Neagley Clint: alto; Misiker Sam: ten; Bates Walter: ten; Kitsis Bob: p; Biondi Ray: chit; Bastien Biddy: cb; Krupa Gene: batt; Gene Krupa and his Orchestra
650 ## - SUBJECT ADDED ENTRY--TOPICAL TERM
Topical term or geographic name as entry element JAZZ [DISCHI]
Relator term Codice MATERIA SPICS: 9950
9 (RLIN) 13699
700 ## - ADDED ENTRY--PERSONAL NAME
Personal name Oliver Joe (King)
Dates associated with a name Codice autore musica SPICS: 10763
Relator term Autore musica
Name of part/section of a work Dippermouth Blues - West End Blues
9 (RLIN) 13700
700 ## - ADDED ENTRY--PERSONAL NAME
Personal name Smith Jabbo
Dates associated with a name Codice autore musica SPICS: 16355
Relator term Autore musica
Name of part/section of a work I Got the Stinger
9 (RLIN) 13701
700 ## - ADDED ENTRY--PERSONAL NAME
Personal name Young
Dates associated with a name Codice autore musica SPICS: 20457
Relator term Autore musica
Name of part/section of a work Singin' the Blues
9 (RLIN) 13702
700 ## - ADDED ENTRY--PERSONAL NAME
Personal name Lewis M.
Dates associated with a name Codice autore SPICS: 20173
Relator term Autore
Name of part/section of a work Singin' the Blues
9 (RLIN) 13703
700 ## - ADDED ENTRY--PERSONAL NAME
Personal name Conrad
Dates associated with a name Codice autore testo/musica SPICS: 19975
Relator term Autore testo/musica
Name of part/section of a work Singin' the Blues
9 (RLIN) 13704
700 ## - ADDED ENTRY--PERSONAL NAME
Personal name Straight Charlie
Dates associated with a name Codice autore musica SPICS: 16356
Relator term Autore musica
Name of part/section of a work Buddy's Habits
9 (RLIN) 13705
700 ## - ADDED ENTRY--PERSONAL NAME
Personal name Nichols Red
Dates associated with a name Codice autore SPICS: 16346
Relator term Autore
Name of part/section of a work Buddy's Habits
9 (RLIN) 13706
700 ## - ADDED ENTRY--PERSONAL NAME
Personal name Ellington Duke
Dates associated with a name Codice autore musica SPICS: 13023
Relator term Autore musica
Name of part/section of a work Black and Tan Fantasy - Boy meets Horn - Concerto For Cootie
9 (RLIN) 13707
700 ## - ADDED ENTRY--PERSONAL NAME
Personal name Mills Irving
Dates associated with a name Codice autore musica SPICS: 13027
Relator term Autore musica
Name of part/section of a work Boy meets Horn
9 (RLIN) 13708
700 ## - ADDED ENTRY--PERSONAL NAME
Personal name Stewart Rex
Dates associated with a name Codice autore testo/musica SPICS: 16358
Relator term Autore testo/musica
Name of part/section of a work Boy meets Horn
9 (RLIN) 13709
700 ## - ADDED ENTRY--PERSONAL NAME
Personal name Russell Bob
Dates associated with a name Codice autore musica SPICS: 27872
Relator term Autore musica
Name of part/section of a work Concerto For Cootie
9 (RLIN) 13710
700 ## - ADDED ENTRY--PERSONAL NAME
Personal name Parker Alan
Dates associated with a name Codice autore musica SPICS: 11231
Relator term Autore musica
Name of part/section of a work I'Ve Found a New Baby
9 (RLIN) 13711
700 ## - ADDED ENTRY--PERSONAL NAME
Personal name Williams
Dates associated with a name Codice autore SPICS: 20150
Relator term Autore
Name of part/section of a work I'Ve Found a New Baby
9 (RLIN) 13712
700 ## - ADDED ENTRY--PERSONAL NAME
Personal name Gershwin George
Dates associated with a name Codice autore musica SPICS: 10668
Relator term Autore musica
Name of part/section of a work I Can't Get Started
9 (RLIN) 13713
700 ## - ADDED ENTRY--PERSONAL NAME
Personal name Duke Vernon
Dates associated with a name Codice autore SPICS: 16363
Relator term Autore
Name of part/section of a work I Can't Get Started
9 (RLIN) 13714
700 ## - ADDED ENTRY--PERSONAL NAME
Personal name Haggart Bob
Dates associated with a name Codice autore musica SPICS: 16365
Relator term Autore musica
Name of part/section of a work I'm Free-What's New
9 (RLIN) 13715
700 ## - ADDED ENTRY--PERSONAL NAME
Personal name Austin G.
Dates associated with a name Codice autore musica SPICS: 21868
Relator term Autore musica
Name of part/section of a work The Lonesome Road
9 (RLIN) 13716
700 ## - ADDED ENTRY--PERSONAL NAME
Personal name Schilkret N.
Dates associated with a name Codice autore SPICS: 27873
Relator term Autore
Name of part/section of a work The Lonesome Road
9 (RLIN) 13717
700 ## - ADDED ENTRY--PERSONAL NAME
Personal name Allen Henry Red
Dates associated with a name Codice autore musica SPICS: 16286
Relator term Autore musica
Name of part/section of a work It Should Be You
9 (RLIN) 13718
700 ## - ADDED ENTRY--PERSONAL NAME
Personal name Creamer H.
Dates associated with a name Codice autore musica SPICS: 16398
Relator term Autore musica
Name of part/section of a work After You've Gone
9 (RLIN) 13719
700 ## - ADDED ENTRY--PERSONAL NAME
Personal name Layton T.
Dates associated with a name Codice autore SPICS: 16399
Relator term Autore
Name of part/section of a work After You've Gone
9 (RLIN) 13720
942 ## - ADDED ENTRY ELEMENTS (KOHA)
Koha item type DISCHI
Source of classification or shelving scheme Dewey Decimal Classification
Dati di copia
Withdrawn status Lost status Damaged status Not for loan Home library Current library Date acquired Total Checkouts Full call number Date last seen Price effective from Koha item type Public note
    Buone Condizioni Not For Loan SPICS-MEDIATECA SPICS-MEDIATECA 25/10/2013   25690 25/10/2013 25/10/2013 DISCHI Progr. Ins.: 5564 / N.Vol.: 1 / Copie: 1 - Copia rara: n.d. / date import: 01.01.2014 - By Epidotti, Trombetti, Vaglietti
CREDITS: SOCIETA' SAN PAOLO Via A.Severo, 58 - ROMA (RM) & PERIODICI SAN PAOLO SRL Via Giotto, 36 MILANO & CISF Via Giotto, 36 MILANO & EDIZIONI SAN PAOLO SRL,  Piazza Soncino, 5 CINISELLO BALSAMO (MI) -- ITALY